| 000 | 00509cam a2200169 4500 | ||
|---|---|---|---|
| 020 | _a0688002285 | ||
| 040 | _cDLC | ||
| 082 | 0 | 0 | _a803 MUJ 1996 C151 Or. |
| 245 | 1 | 0 | _aCassell's encyclopaedia of world literature. / |
| 250 | _aRevised and enlarged. | ||
| 300 |
_a3 volumes ; _c25 cm. |
||
| 500 | _aFirst published in 1953 under title: Cassell's encyclopaedia of literature, edited by S. H. Steinberg. | ||
| 650 | 0 | _aLiterature | |
| 650 | 0 | _aLiterature | |
| 700 | 1 | _aBuchanan-Brown, John | |
| 942 | _cAEDBB | ||
| 999 |
_c18724 _d18724 |
||